| 000 | 00962nam a2200217Ii 4500 | ||
|---|---|---|---|
| 003 | JO-AjNU | ||
| 008 | 230605s9999||||xx |||||||||||||| ||und|| | ||
| 017 | _a2003/9/2068 | ||
| 040 |
_aJO-AjNU _bara _erda _cJO-AjNU |
||
| 041 | _aara | ||
| 050 | 1 | 4 | _aK891.B8.S48.2003 |
| 100 | 3 |
_aتأليف الاتحاد الدولي للمهندسين الاستشاريين؛ داود خلف، مترجم, _eauthor _911192 |
|
| 245 | 0 | 0 | _aالشروط العامة لعقود فيديك النموذجية ( الإتحاد الدولي للمهندسين الإستشاريين) |
| 250 | _aط1 | ||
| 264 | 3 | 1 | _aعمان: الاتحاد الدولي للمهندسين الاستشاريين، 2003 |
| 300 | _aمتعدد الترقيم | ||
| 336 |
_atext _btxt _2rdacontent |
||
| 337 |
_aunmediated _bn _2rdamedia |
||
| 338 |
_avolume _bnc _2rdacarrier |
||
| 650 | 4 |
_aالعقود -- العقود الانشائية -- عقود المقاولين -- عثود فيدك _911193 |
|
| 999 |
_aA2196 _c5764 _d5764 |
||